Antonin Artaud : una metafísica de la escena /

-д хадгалсан:
Номзүйн дэлгэрэнгүй
Үндсэн зохиолч: Zorrilla, Oscar (autor)
Формат: Ном
Хэл сонгох:испани
Хэвлэсэн: México : Instituto Nacional de Bellas Artes, 1967, c1967
Цуврал:(Colección de Teatro INBA ; 8)
Нөхцлүүд:
Шошгууд: Шошго нэмэх
Шошго байхгүй, Энэхүү баримтыг шошголох эхний хүн болох!

MARC

LEADER 00000nam^a2200000^a^4500
001 000272110
005 20250521000000.0
009 20260310111048.235
025 |a Donación Luis González Martínez, 1 ejemplar 
037 |a Acervo ITESO - Biblioteca 
041 |a ESP 
082 |a 840. 94408  |b ZOR 
100 |a Zorrilla, Oscar  |e (autor) 
245 1 0 |a Antonin Artaud :  |b una metafísica de la escena /  |c O. Zorrilla ; tr. por Rosa García Mora. 
264 4 |a México :  |b Instituto Nacional de Bellas Artes,  |c 1967, c1967 
300 |a 183 p. 
336 |a texto  |b txt  |2 rdacontenido 
337 |a sin mediación  |b n  |2 rdamedio 
338 |a volumen  |b nc  |2 rdasoporte 
440 1 |a (Colección de Teatro INBA ;  |v 8) 
649 |a XX 
650 |a Escritores Franceses 
650 |a Teatro Francés -  |x Historia y Crítica 
650 |a Literatura Francesa -  |x Historia y Crítica 
650 |a Literatura Francesa -  |y Siglo XX 
650 |a Artaud, Antonin -  |x Tema Principal 
910 |a Fondo Luis González Martínez 
920 |a Impresos - Libros 
930 |a Colección General 
940 |a Literatura 
905 |a 139 
901 |a 0500157831  |b IT1  |c ESP  |i D  |u 20250521 
902 |a https://opac.biblio.iteso.mx/vufind/Record/000272110